Camiones modelo AB : con transmisión por engranaje de doble reducción con transmisión por engranaje de doble reducción
Descripción Física:
46 p. : il. ; 30 cm
Materias:
Camions -- Catàlegs
MARC
| LEADER | 00000nam a2200000Ia 4500 | ||
|---|---|---|---|
| 001 | 22757 | ||
| 008 | 160829s9999 xx 000 0 cat d | ||
| 080 | |a RF-17-5 | ||
| 245 | |a Camiones modelo AB : |b con transmisión por engranaje de doble reducción | ||
| 260 | |a Nueva York : |b Mack Trucks, [192- ?] | ||
| 300 | |a 46 p. : |b il. ; |c 30 cm | ||
| 590 | |a A la coberta: Mack, catálogo no. 75. | ||
| 590 | |a Prové de Q-501 | ||
| 650 | |a Camions |x Catàlegs |9 47775 | ||
| 856 | 4 | |u https://media.diba.cat/diba/fitxers/arxiu/fulletons/bib_22757_baixa.pdf |y Accés lliure | |
| 856 | 4 | |u https://media.diba.cat/diba/fitxers/arxiu/fulletons/bib_22757_baixa.pdf |y Accés lliure | |
| 901 | |a Arxiu | ||
| 942 | |n 1 |2 udc | ||
| 952 | |0 0 |1 0 |4 0 |6 RF175 |7 1 |9 54094 |a Arxiu |b Arxiu |d 2016-12-01 |l 0 |o RF-17-5 |p 22757 |r 2016-12-01 00:00:00 |w 2016-12-01 |y ARXIU | ||
| 999 | |c 57962 |d 57962 | ||
| 900 | |a bib_22757_baixa.pdf | ||